La expresión de las emociones en el hombre y en los animales: Medios específicos de expresión en el hombre

Guardat en:
Dades bibliogràfiques
Autor principal: Darwin, Carlos R (Autor)
Format: Llibre
Idioma:espanyol
Publicat: Buenos Aires Sociedad de Ediciones Mundiales 1967
Col·lecció:Biblioteca de Temas
Matèries:
Etiquetes: Afegir etiqueta
Sense etiquetes, Sigues el primer a etiquetar aquest registre!

MARC

LEADER 00000nam a2200000 a 4500
001 UCG1937
003 CL-VaPUC
008 100531e19670000AG |||||||||||||||||spa|d
082 0 4 |a 152.4  |b DAR  |2 21 
100 0 |a Darwin, Carlos R  |e author  |9 550059 
245 1 3 |a La expresión de las emociones en el hombre y en los animales: Medios específicos de expresión en el hombre 
300 |a t 
942 |c BK 
945 |d 20100531 00:00:00  |a dcastane 
260 |a Buenos Aires  |b Sociedad de Ediciones Mundiales  |c 1967 
650 0 |a Emociones   |9 265224 
650 0 |a Instinto  |9 265225 
583 |a last modification  |c 20100531 00:00:00  |k Rodrigo Vera 
490 0 |a Biblioteca de Temas 
999 |c 341185  |d 341183 
952 |0 0  |1 0  |4 0  |6 152_400000000000000_DAR_1967  |7 0  |8 P  |9 436516  |a BIBEDU  |b BIBEDU  |c BIBEDU_PB  |d 2019-11-22  |h t.3  |i 4678990  |o 152.4 DAR 1967  |p 4678990  |r 2024-01-25  |w 2019-11-22  |y BK  |k EPE